Física 1 : (Registro nro. 12552)
[ vista simple ]
| 000 -LEADER | |
|---|---|
| fixed length control field | 01037nam a2200325 a 4500 |
| 001 - CONTROL NUMBER | |
| control field | 000013263 |
| 003 - CONTROL NUMBER IDENTIFIER | |
| control field | DO-SdBNP |
| 005 - DATE AND TIME OF LATEST TRANSACTION | |
| control field | 20170216133209.0 |
| 008 - FIXED-LENGTH DATA ELEMENTS--GENERAL INFORMATION | |
| fixed length control field | 091123s2004 dr abc 000 0 spa d |
| 040 ## - CATALOGING SOURCE | |
| Original cataloging agency | BPMSU |
| Language of cataloging | spa |
| Transcribing agency | BPMSU |
| 100 ## - MAIN ENTRY--PERSONAL NAME | |
| Personal name | Santana, Máximo |
| 245 00 - TITLE STATEMENT | |
| Title | Física 1 : |
| Remainder of title | módulo del y la estudiante / |
| Statement of responsibility, etc. | Módulo Santana ; Violeta Morales Payán... [et. al] |
| 260 ## - PUBLICATION, DISTRIBUTION, ETC. (IMPRINT) | |
| Place of publication, distribution, etc. | Santo Domingo : |
| Name of publisher, distributor, etc. | Secretaría de Estado de Educación |
| Date of publication, distribution, etc. | 2004 |
| 300 ## - PHYSICAL DESCRIPTION | |
| Extent | 139 p. : |
| Other physical details | il. ; |
| Dimensions | 28 cm. |
| 490 1# - SERIES STATEMENT | |
| Series statement | |
| 500 ## - GENERAL NOTE | |
| General note | Nivel medio |
| 500 ## - GENERAL NOTE | |
| General note | |
| 700 1# - ADDED ENTRY--PERSONAL NAME | |
| Personal name | Morales Payán, Violeta |
| Relator term | |
| 700 1# - ADDED ENTRY--PERSONAL NAME | |
| Personal name | |
| Relator term | |
| 700 1# - ADDED ENTRY--PERSONAL NAME | |
| Personal name | |
| Relator term | |
| 700 1# - ADDED ENTRY--PERSONAL NAME | |
| Personal name | |
| Relator term | |
| 710 ## - ADDED ENTRY--CORPORATE NAME | |
| Corporate name or jurisdiction name as entry element | Secretaría de Estado de Educación |
| Subordinate unit | Dirección General de Currículo |
| 830 #0 - SERIES ADDED ENTRY--UNIFORM TITLE | |
| Uniform title | |
| 942 ## - ADDED ENTRY ELEMENTS (KOHA) | |
| Source of classification or shelving scheme | Dewey Decimal Classification |
| Koha item type | Libros |
| 956 ## - LOCAL ELECTRONIC LOCATION AND ACCESS (OCLC) | |
| Host name | VMATEO |
| Access number | 10 |
| Compression information | 20170216 |
| Logon | BPMSU |
| Processor of request | 0069 |
| 956 ## - LOCAL ELECTRONIC LOCATION AND ACCESS (OCLC) | |
| Host name | JPARRA |
| Access number | 10 |
| Compression information | 20091123 |
| Logon | BND01 |
| Processor of request | 1006 |
| 956 ## - LOCAL ELECTRONIC LOCATION AND ACCESS (OCLC) | |
| Host name | BATCH-UPD |
| Access number | 10 |
| Compression information | 20091221 |
| Logon | BND01 |
| Processor of request | 1405 |
| 956 ## - LOCAL ELECTRONIC LOCATION AND ACCESS (OCLC) | |
| Host name | BTAVAREZ |
| Access number | 10 |
| Compression information | 20100225 |
| Logon | BND01 |
| Processor of request | 1304 |
| 956 ## - LOCAL ELECTRONIC LOCATION AND ACCESS (OCLC) | |
| Host name | BTAVAREZ |
| Access number | 10 |
| Compression information | 20100225 |
| Logon | BND01 |
| Processor of request | 1316 |
| Withdrawn status | Lost status | Source of classification or shelving scheme | Damaged status | Not for loan | Collection code | Home library | Current library | Date acquired | Source of acquisition | Total Checkouts | Barcode | Date last seen | Price effective from | Koha item type |
|---|---|---|---|---|---|---|---|---|---|---|---|---|---|---|
| Dewey Decimal Classification | Colección Dominicana | Biblioteca Pública Metropolitana Salomé Ureña | Biblioteca Pública Metropolitana Salomé Ureña | 02/16/2017 | Fundación Educativa y Cultural (FUNDI) | BPMET17020038 | 02/16/2017 | 02/16/2017 | Libros |